1064 1542 1872 1075 1844 1091 1597 1199 1324 1839 1056 1292 1806 1958 1994 1689 1452 1672 1612 1824 1358 1087 1558 1383 1704 1502 1568 1638 1938 1160 1775 1989 1081 1551 1406 1148 1289 1720 1522 1730 1324 1987 1026 1265 1221 1894 1276 1223 1542 1050 1149 1713 1434 1286 1535 1183 1249 1752 1795 1238 1443 1011 1014 1077 1009 1505 1327 1598 1650 1718 1902 1044 1070 1425 1814 1881 1795 1977 1127 1366 1181 1296 1089 1270 1778 1925 1889 1829 1766 1825 1918 1837 1598 1522 1868 1862 1760 1558 1051 BCNSPRNW ULIB Ver.6.0+V

เปลี่ยนเป็นภาษาไทย

Change to English
 แสดงรายละเอียดบรรณานุกรม
  กลับหน้าหลัก

Brief Record : Get Marc (ISO 2709) : E-mail record : QR code < ปิดหน้าต่าง
LEADER : 00000nam 2200000uu 4500
001    13399112807
003     ULIB
008    110912s2546||||th 000 0 tha d
020    9741325827
050  4 LB2369^bส265น 2546
100 0  สมพร พุฒตาล เบ็ทซ์
245 10 แนวทางการศึกษาค้นคว้าและเรียบเรียงรายงานวิชาการ /^cสมพร พุฒตาล เบ็ทซ์
260    กรุงเทพฯ :^bสำนักพิมพ์แห่งจุฬาลงกรณ์มหาวิทยาลัย,^c2546
300    111 หน้า ;^c21 ซม.
650  4 การเขียนรายงาน
650  4 การเขียนทางวิชาการ
650  4 รายงานทางวิชาการ
650  4 การอ้างถึงทางบรรณานุกรม
945    ^p70^l0^i016877
945    ^p70^l0^i016878
995    ทศพร
999 ^a ทศพร
รายการนี้ยังไม่มีแท็ก
คุณยังไม่ได้ล็อกอิน คุณสามารถมีกิจกรรมร่วมกับเว็บไซต์ได้ แต่ต้องล็อกอินก่อน ::
  ล็อกอิน

รายการสื่อสารสนเทศ

ลำดับที่ ประเภท เลขเรียก/บาร์โค้ด สถานที่ สถานะ
- ไม่พบข้อมูล -

รายการใกล้เคียง
    หัวเรื่อง [การเขียนรายงาน]
    หัวเรื่อง [การเขียนทางวิชาการ]
    หัวเรื่อง [รายงานทางวิชาการ]
    หัวเรื่อง [การอ้างถึงทางบรรณานุกรม]

BibComment


ยังไม่เคยถูกคอมเมนท์

คอมเมนท์ทรัพยากรรายการนี้
  คอมเมนท์: แนวทางการศึกษาค้น..


 Copyright 2026. Bcnsprnw @Library